00330nam a2200133Ia 4500008004100000020001500041041001200056100001700068245004200085250000900127260003700136300000800173650001500181221030s9999 xx 000 0 und d a9325982291 aEnglish aI. M. Pandey 0aFinancial Managementcby I. M. Pandey a11th bVikas Pub HouseaNew Delhic2015 a921 aManagement